Loading...
| History - World | 0 | 7 | 0 | 4 | 70 | 85 | 120.57 | 1 | 3 | 2.58 | 21.11 |
| Literature - European | 0 | 5 | 0 | 2 | 50 | 82 | 120.60 | 1 | 2 | 5.49 | 16.67 |
| Literature - World | 0 | 5 | 0 | 1 | 50 | 112 | 124.60 | 0 | 0 | 3.87 | 15.28 |
| Fine Arts - Classical Music | 0 | 4 | 0 | 1 | 40 | 120 | 130.00 | 0 | 0 | 0.42 | 6.94 |
| Literature - American | 0 | 4 | 1 | 0 | 35 | 79 | 112.00 | 0 | 2 | 7.25 | 15.28 |
| Religion | 0 | 2 | 0 | 1 | 20 | 98 | 122.00 | 0 | 0 | 2.28 | 2.78 |
| Fine Arts - Painting and Sculpture | 0 | 2 | 0 | 0 | 20 | 114 | 124.50 | 0 | 0 | 1.43 | 5.56 |
| Mythology | 0 | 2 | 0 | 0 | 20 | 79 | 94.50 | 0 | 1 | 4.81 | 8.33 |
| Literature - British | 0 | 2 | 0 | 0 | 20 | 62 | 97.00 | 1 | 1 | 4.78 | 11.11 |
| Social Science | 0 | 1 | 0 | 0 | 10 | 82 | 82.00 | 1 | 1 | 3.31 | 6.94 |
| Fine Arts - Other | 0 | 1 | 0 | 0 | 10 | 124 | 124.00 | 0 | 1 | 0.62 | 5.56 |
| History - European | 0 | 1 | 0 | 0 | 10 | 119 | 119.00 | 0 | 0 | 1.35 | 1.39 |
| History - Other | 0 | 1 | 0 | 0 | 10 | 125 | 125.00 | 0 | 0 | -0.07 | 1.39 |
| Pop Culture | 0 | 1 | 0 | 0 | 10 | 134 | 134.00 | 0 | 1 | 3.10 | 12.50 |
| Current Events | 0 | 1 | 0 | 1 | 10 | 122 | 122.00 | 0 | 0 | 0.41 | 8.33 |
| Science - Other | 0 | 1 | 0 | 1 | 10 | 122 | 122.00 | 0 | 0 | -0.07 | 2.78 |
| Philosophy | 0 | 0 | 1 | 0 | -5 | 0.00 | 0 | 0 | 0.00 | 0.00 |